000 00723nam a2200277 a 4500
003 AR-BaBNM
005 20251128205159.0
008 082120s2002 ||||||||||||||000 | spa||
020 _a950-21-0881-7
040 _cAR-BaBNM
100 1 _aYunque, Alvaro
245 0 0 _aMocho y el espantapájaros
_bselección de cuentos para niños
250 _a6ª ed.
260 _aBuenos Aires
_bPlus Ultra
_c1987
300 _a140 p.
490 0 _aLiteratura juvenil
_vv. 36
650 4 _aLITERATURA ARGENTINA
650 4 _aESCRITORES
650 4 _aLITERATURA POPULAR
650 4 _aLITERATURA INFANTIL
650 4 _aLIBROS PARA NIÑOS
653 _aNARRATIVA
655 _aLITERATURA
942 _cBK
998 _cMARTIN
999 _c10331
_d10331